| 000 | 00441nam a2200157Ia 4500 | ||
|---|---|---|---|
| 003 | GCL | ||
| 008 | 140319s9999 xx 000 0 eng d | ||
| 040 |
_aGCL / _cGCL |
||
| 082 | 0 | 4 |
_aP _b362.582 _bG F |
| 100 | 1 | _aGLEURUE PAUL | |
| 245 | 1 | 0 |
_aEFFICENT ALLOCATION OF TRANSFERS TO THE POOR: THE PROBLEM OF UNOBSEBED HOUSEHOLD INCOME / _cGLEURUE PAUL |
| 260 |
_a[S.N] : _bTHE WORLD BANK |
||
| 300 | _a62 P | ||
| 650 | 0 | 4 | _aPOOR |
| 942 |
_2ddc _cCR |
||
| 999 |
_c25871 _d25871 |
||